00783nam a22002297a 450000500170000001000150001702000260003202000230005803500130008103700130009408200110010710000280011824501070014626000450025327000640029830000240036250000190038665000340040565000400043965000290047965000450050820130923125212.0 aENG-108217 c850.00a9780198090403 c850.00a0198090404 aEN-91750 bDBAD/PUB a306.63 aRobinson, Rowenad1967- aBoundaries of religion :cby Rowena Robinsonb essays on Christianity, ethnic conflict, and violence / aNew DelhibOxford University Pressc2013 aYMCA Library Building, 1 Jai Singh Road,bNew Delhie110001 axx,299p. c22cm(Hb) aIncludes index aChristian sociology z India. aEthnic conflictxReligious aspects. aEthnic conflictz India. a Christiansz Indiax Social conditions.